Formal Design and verification of security protocol for VoIP (Record no. 13163)
[ view plain ]
| 000 -LEADER | |
|---|---|
| fixed length control field | 00504nam a22001337a 4500 |
| 082 ## - DEWEY DECIMAL CLASSIFICATION NUMBER | |
| Classification number | MSCCS-5 |
| 100 ## - MAIN ENTRY--PERSONAL NAME | |
| Personal name | Ubaid ur Rehman |
| 9 (RLIN) | 70372 |
| 245 ## - TITLE STATEMENT | |
| Title | Formal Design and verification of security protocol for VoIP |
| 260 ## - PUBLICATION, DISTRIBUTION, ETC. | |
| Place of publication, distribution, etc. | Islamabad |
| Name of publisher, distributor, etc. | NUST-SEECS |
| Date of publication, distribution, etc. | 2015 |
| 300 ## - PHYSICAL DESCRIPTION | |
| Extent | 66 |
| Other physical details | 27cm.+ |
| Accompanying material | CD-ROM |
| 500 ## - GENERAL NOTE | |
| General note | Supervisors:Dr. Abdul Ghafoor Abbasi, Dr. Muhammad Awais Shibli, Dr. Nauman Ahmed Qureshi, Mr. Muhammad Qaisar Choudhary |
| 856 ## - ELECTRONIC LOCATION AND ACCESS | |
| Uniform Resource Identifier | <a href="http://10.250.8.41:8080/xmlui/handle/123456789/21911">http://10.250.8.41:8080/xmlui/handle/123456789/21911</a> |
| 942 ## - ADDED ENTRY ELEMENTS (KOHA) | |
| Koha item type | Project Report |
| Source of classification or shelving scheme | |
| Withdrawn status | Lost status | Damaged status | Not for loan | Collection code | Permanent Location | Current Location | Shelving location | Date acquired | Total Checkouts | Full call number | Barcode | Date last seen | Price effective from | Koha item type | Source of classification or shelving scheme |
|---|---|---|---|---|---|---|---|---|---|---|---|---|---|---|---|
| Central Library (CL) | Central Library (CL) | General Stacks | 04/17/2015 | MSCCS-5 UBA | SEECSP01626 | 04/15/2015 | 04/15/2015 | Project Report | |||||||
| Central Library (CL) | Central Library (CL) | Thesis | 10/03/2019 | 621.378 | CL-T-3678 | 10/03/2019 | 10/03/2019 | Thesis | |||||||
| Central Library (CL) | Central Library (CL) | Thesis | 11/23/2019 | 005 MSCCS-5 | CL-T-4102 | 11/23/2019 | 11/23/2019 | Thesis |
